[Event "IECG QN.2000.0.00127"]
[Site "IECG email"]
[Date "2000.07.08"]
[Round "?"]
[White "Discenza, Nicolas"]
[Black "Thurrott, Allan"]
[Result "1/2-1/2"]
[WhiteElo "800"]
[BlackElo "800"]
[PlyCount "77"]
[EventDate "2000.07.08"]
[EventType "tourn (corr)"]
[EventRounds "6"]
[SourceTitle "Corr 2008"]
[Source "ChessBase"]
[SourceDate "2008.06.24"]
[SourceVersion "1"]
[SourceVersionDate "2008.06.24"]
[SourceQuality "1"]

1. e4 e6 2. d4 d5 3. Nc3 Bb4 4. e5 c5 5. a3 Bxc3+ 6. bxc3 Nd7 7. Qg4 g6 8. Nf3 h5 9. Qg3 Nh6 10. Be2 Nf5 11. Qf4 c4 12. 0-0 f6 13. h4 fxe5 14. Nxe5 Nxe5 15. Qxe5 0-0 16. Bg5 Qa5 17. Bd2 Qb6 18. Rfe1 Qd6 19. Bf4 Qxe5 20. Bxe5 Nxh4 21. g4 Nf3+ 22. Bxf3 Rxf3 23. gxh5 gxh5 24. Re3 Rxe3 25. fxe3 Bd7 26. Kh2 Rf8 27. Rg1+ Kh7 28. Rg7+ Kh6 29. Rxd7 Rf2+ 30. Kg3 Rxc2 31. Rxb7 Rxc3 32. Rxa7 Rxe3+ 33. Kf2 Rc3 34. a4 Ra3 35. a5 h4 36. Ra6 Kg5 37. Bc7 Kf5 38. Ra8 Ra2+ 39. Ke3 1/2-1/2

[Event "IECG QN.2000.0.00127"]
[Site "IECG email"]
[Date "2000.07.08"]
[Round "?"]
[White "Hodds, Martin"]
[Black "Discenza, Nicolas"]
[Result "1/2-1/2"]
[WhiteElo "800"]
[BlackElo "800"]
[PlyCount "111"]
[EventDate "2000.07.08"]
[EventType "tourn (corr)"]
[EventRounds "6"]
[SourceTitle "Corr 2008"]
[Source "ChessBase"]
[SourceDate "2008.06.24"]
[SourceVersion "1"]
[SourceVersionDate "2008.06.24"]
[SourceQuality "1"]

1. e4 c5 2. Nf3 Nc6 3. g3 e6 4. Bg2 Nge7 5. Nc3 d5 6. exd5 Nxd5 7. Nxd5 Qxd5 8. 0-0 Be7 9. d3 0-0 10. c4 Qh5 11. d4 Rd8 12. Bf4 Nxd4 13. Nxd4 Qxd1 14. Raxd1 cxd4 15. a3 f6 16. b4 e5 17. Bc1 Bg4 18. Rd2 Rac8 19. c5 b6 20. cxb6 axb6 21. h3 Be6 22. b5 Bd5 23. Bxd5+ Rxd5 24. a4 e4 25. Bb2 Bc5 26. Rc1 Re8 27. Ra1 e3 28. fxe3 Rxe3 29. Kg2 Bd6 30. Rxd4 Rxg3+ 31. Kf2 Rf5+ 32. Ke2 Bc5 33. Rd8+ Kf7 34. Bd4 Ke7 35. Bxc5+ Kxd8 36. Bxb6+ Kc8 37. Rc1+ Kb7 38. Rc5 Rxc5 39. Bxc5 Rxh3 40. Kd2 h5 41. a5 Rb3 42. a6+ Kb8 43. b6 h4 44. Bd6+ Ka8 45. b7+ Ka7 46. Kc2 Rb5 47. Kc3 Rb6 48. Bc5 Kxa6 49. Bxb6 Kxb7 50. Bf2 h3 51. Bg3 Kc6 52. Kd4 f5 53. Ke5 g6 54. Kf6 Kd5 55. Kxg6 Ke4 56. Kg5 1/2-1/2